000 00502nam a22001817a 4500
003 OSt
005 20140310182347.0
008 130927t xxu||||| |||| 00| 0 eng d
020 _a9904203000007
050 _aNK 1160
_b.Or69
082 _aNK 1160
_b.OR69
245 _aChristmas origami 3 :
_bGift wraps and cards /
260 _aTokyo :
_bFroebel- Kan Co, Ltd,
300 _a13 p. :
_bcol. ill. :
_c20 cm.
650 _aPaper folding
_xChristmas
_922016
942 _2lcc
_cBK-GS
999 _c12260
_d12260